|
|
|
|
| LEADER |
00000cam a22000004a 4500 |
| 001 |
musev2_45378 |
| 003 |
MdBmJHUP |
| 005 |
20230905044738.0 |
| 006 |
m o d |
| 007 |
cr||||||||nn|n |
| 008 |
151201s2016 mau o 00 0 eng d |
| 010 |
|
|
|z 2015047436
|
| 020 |
|
|
|a 9781611689693
|
| 020 |
|
|
|z 9781611689211
|
| 020 |
|
|
|z 9781611689204
|
| 035 |
|
|
|a (OCoLC)930875570
|
| 040 |
|
|
|a MdBmJHUP
|c MdBmJHUP
|
| 100 |
1 |
|
|a Shapira, Elana,
|e author.
|
| 245 |
1 |
0 |
|a Style and Seduction :
|b Jewish Patrons, Architecture, and Design in Fin de Siècle Vienna /
|c Elana Shapira.
|
| 264 |
|
1 |
|a Waltham, Massachusetts :
|b Brandeis University Press,
|c [2016]
|
| 264 |
|
3 |
|a Baltimore, Md. :
|b Project MUSE,
|c 2016
|
| 264 |
|
4 |
|c ©[2016]
|
| 300 |
|
|
|a 1 online resource (314 pages):
|b illustrations
|
| 336 |
|
|
|a text
|b txt
|2 rdacontent
|
| 337 |
|
|
|a computer
|b c
|2 rdamedia
|
| 338 |
|
|
|a online resource
|b cr
|2 rdacarrier
|
| 490 |
0 |
|
|a The Tauber Institute series for the study of European Jewry
|
| 505 |
0 |
|
|a Cover; Title Page; Contents; List of Illustrations; Acknowledgments; Introduction; The Historicists, 1860s -- 70s; The Secessionists, 1897-1902; The Modernists, 1902 -- 7; The Avant-Gardists, 1980 -- 11; Conclusion; Notes ; Bibliography ; Index; Color Plates.
|
| 520 |
|
|
|a A recent surge of interest in Jewish patronage during the golden years of Vienna has led to the question, Would modernism in Vienna have developed in the same fashion had Jewish patrons not been involved? This book uniquely treats Jewish identification within Viennese modernism as a matter of Jews active fashioning of a new language to convey their aims of emancipation along with their claims of cultural authority. In this provocative reexamination of the roots of Viennese modernism, Elana Shapira analyzes the central role of Jewish businessmen, professionals, and writers in the evolution of the city's architecture and design from the 1860s to the 1910s.
|
| 546 |
|
|
|a English.
|
| 588 |
|
|
|a Description based on print version record.
|
| 650 |
|
7 |
|a Jews
|x Art patronage.
|2 fast
|0 (OCoLC)fst01937502
|
| 650 |
|
7 |
|a Design.
|2 fast
|0 (OCoLC)fst00891253
|
| 650 |
|
7 |
|a Civilization.
|2 fast
|0 (OCoLC)fst00862898
|
| 650 |
|
7 |
|a Architecture and society.
|2 fast
|0 (OCoLC)fst00813574
|
| 650 |
|
7 |
|a Architects and patrons.
|2 fast
|0 (OCoLC)fst00813159
|
| 650 |
|
7 |
|a ARCHITECTURE / General
|2 bisacsh
|
| 650 |
|
7 |
|a ARCHITECTURE
|x Reference.
|2 bisacsh
|
| 650 |
|
7 |
|a ARCHITECTURE
|x Professional Practice.
|2 bisacsh
|
| 650 |
|
7 |
|a ARCHITECTURE
|x Buildings
|x Landmarks & Monuments.
|2 bisacsh
|
| 650 |
|
7 |
|a ARCHITECTURE
|x Adaptive Reuse & Renovation.
|2 bisacsh
|
| 650 |
|
6 |
|a Design
|z Autriche
|z Vienne
|x Histoire
|y 20e siecle.
|
| 650 |
|
6 |
|a Design
|z Autriche
|z Vienne
|x Histoire
|y 19e siecle.
|
| 650 |
|
6 |
|a Architectes et mecenes
|z Autriche
|z Vienne
|x Histoire
|y 20e siecle.
|
| 650 |
|
6 |
|a Architectes et mecenes
|z Autriche
|z Vienne
|x Histoire
|y 19e siecle.
|
| 650 |
|
6 |
|a Architecture et societe
|z Autriche
|z Vienne
|x Histoire
|y 20e siecle.
|
| 650 |
|
6 |
|a Architecture et societe
|z Autriche
|z Vienne
|x Histoire
|y 19e siecle.
|
| 650 |
|
0 |
|a Jews
|x Art patronage.
|
| 650 |
|
0 |
|a Design
|z Austria
|z Vienna
|x History
|y 20th century.
|
| 650 |
|
0 |
|a Design
|z Austria
|z Vienna
|x History
|y 19th century.
|
| 650 |
|
0 |
|a Architects and patrons
|z Austria
|z Vienna
|x History
|y 20th century.
|
| 650 |
|
0 |
|a Architects and patrons
|z Austria
|z Vienna
|x History
|y 19th century.
|
| 650 |
|
0 |
|a Architecture and society
|z Austria
|z Vienna
|x History
|y 20th century.
|
| 650 |
|
0 |
|a Architecture and society
|z Austria
|z Vienna
|x History
|y 19th century.
|
| 651 |
|
7 |
|a Austria
|z Vienna.
|2 fast
|0 (OCoLC)fst01204516
|
| 651 |
|
0 |
|a Vienna (Austria)
|x Civilization
|y 20th century.
|
| 651 |
|
0 |
|a Vienna (Austria)
|x Civilization
|y 19th century.
|
| 655 |
|
7 |
|a History.
|2 fast
|0 (OCoLC)fst01411628
|
| 655 |
|
7 |
|a Electronic books.
|2 local
|
| 710 |
2 |
|
|a Project Muse.
|e distributor
|
| 830 |
|
0 |
|a Book collections on Project MUSE.
|
| 856 |
4 |
0 |
|z Texto completo
|u https://projectmuse.uam.elogim.com/book/45378/
|
| 945 |
|
|
|a Project MUSE - Custom Collection
|
| 945 |
|
|
|a Project MUSE - 2016 Complete
|
| 945 |
|
|
|a Project MUSE - 2016 Global Cultural Studies
|
| 945 |
|
|
|a Project MUSE - 2016 Jewish Studies
|